Sports Quiz

Random Sports or NBA Quiz

NBA MVP's (Slideshow) Quiz Stats

Quiz not verified by Sporcle

Challenge
Share
Tweet
Score 0/28 Timer 05:00
0 Plays Today
% Correct
LeBron James
99.7%
Kobe Bryant
99.1%
Steve Nash
97.4%
Michael Jordan
97.4%
Shaquille O'Neal
97.2%
Larry Bird
96%
Allen Iverson
95%
Karl Malone
95%
Tim Duncan
94.8%
Derrick Rose
93.6%
David Robinson
92.2%
Kevin Garnett
91.7%
Julius Erving
90.3%
Wilt Chamberlain
83.9%
% Correct
Dirk Nowitzki
80.7%
Hakeem Olajuwon
79.1%
Kareem Abdul-Jabbar
74.1%
Oscar Robertson
73.2%
Bob Cousy
71.5%
Magic Johnson
69.8%
Bill Walton
69.1%
Moses Malone
66.8%
Bill Russell
61.1%
Willis Reed
60.6%
Bob Pettit
55.1%
Wes Unseld
50.9%
Dave Cowens
45.6%
Bob McAdoo
42.5%

You're not logged in!

Compare scores with friends on all Sporcle quizzes.
Sign Up with Email
OR
Log In

You Might Also Like...

Show Comments

Extras

Top Quizzes Today


Score Distribution

Your Account Isn't Verified!

In order to create a playlist on Sporcle, you need to verify the email address you used during registration. Go to your Sporcle Settings to finish the process.